Statistics for 10 Smallest Countries With A USA Embassy

Click here to take the quiz!

General Stats

  • This quiz has been taken 77 times
  • The average score is 5 of 10

Answer Stats

Answer% Correct
Singapore
69%
Barbados
55%
Malta
55%
Grenada
46%
Palau
46%
Micronesia
45%
Marshall Islands
39%
Bahrain
37%
Mauritius
31%
Vatican City
31%

Score Distribution

Percentile by Number Answered

Percent of People with Each Score

Your Score History

You have not taken this quiz